000 00385cam a2200169 4500
001 M783
008 090401t1957 xxu||||| |||| 00| 0 eng d
035 _a(Sirsi) u5358
041 _aeng
110 _aUnited Kingdom
_kLaws, etc
_95044
245 _aRent Act, 1957.
260 _aLondon
_bHMSO
_c1957
300 _aii,36p. ; 25cm.
350 _a0
942 _n0
948 _c04/03/1997
999 _c86166
_d86166